| 000 | 00810cab a2200229 4500 | ||
|---|---|---|---|
| 001 | WB2514-27 | ||
| 008 | 090401t1989 xxu||||| |||| 00| 0 eng d | ||
| 035 | _a(Sirsi) u4858 | ||
| 041 | _aeng | ||
| 245 | _aNo shortage of perks to attract surveyors | ||
| 260 | _c1989 | ||
| 350 | _a0 | ||
| 490 |
_aEstates Times _vno 989, 7/4/89 p5 |
||
| 490 |
_aEstates Gazette _vno 8914, 8/4/89 p2 (2) |
||
| 520 | _aProperty Manpower, Pay and Media 1989, a report from Economic Development Briefing highlights a severe shortage of property professionals, with local authorities, which cannot match private sector perks, being hardest hit. | ||
| 650 | _aEMPLOYMENT | ||
| 650 | _aMANPOWER | ||
| 650 | _aSALARIES | ||
| 690 | _aMANAGEMENT-BUSINESS MANAGEMENT-PROFESSIONAL PRACTICE | ||
| 942 | _n0 | ||
| 948 | _c04/03/1997 | ||
| 999 |
_c2937 _d2937 |
||